| 000 | 01405nam a2200145Ia 4500 | ||
|---|---|---|---|
| 003 | NUST | ||
| 008 | 190125s9999 xx 000 0 und d | ||
| 082 | _a355.3540973 SCA | ||
| 100 |
_aScahill, Jeremy _913158 |
||
| 245 |
_aBlack water the Rise of the World’s Most Powerful Mercenary Army / _cJeremy Scahill |
||
| 260 | _bNation Books, New York | ||
| 260 | _c2008 | ||
| 505 | _aThe Face Of Blackwater Introduction (Page-3), Baghdad’s Bloody Sunday (Page-49), Making A Killing (Page-65), The Little Prince (Page-89), Blackwater Begins (Page-113), Fallujah Before Blackwater (Page-125), Guarding Bush’s Man In Baghdad (Page-145), Scotty Goes To War (Page-155), The Ambush (Page-169), “We Will Pacify Fallujah” (Page-181), Najaf, Iraq: 4.04.04 (Page-197), “This Is For The Americans Of Blackwater” Contents (Page-209), Mr. Prince Goes To Washington (Page-231), Caspian Pipeline Dreams (Page-245), Blackwater’s Man In Chile (Page-275), “The Whores Of War” (Page-305), The Crash Of Blackwater 61 (Page-329), Cofer Black: The Gloves Come Off (Page-349), Death Squads, Mercenaries, And The “Salvador Option” (Page-365), Joseph Schmitz: Christian Soldier (Page-389), Blackwater Down: Baghdad On The Bayou (Page-409), “The Knights Of The Round Table” Epilogue (Page-447), Blackwater Beyond Bush (Page-465). | ||
| 942 |
_2ddc _cBK _k355.3540973,SCA |
||
| 999 |
_c523082 _d523082 |
||